| 000 | 00577nam a22002177a 4500 | ||
|---|---|---|---|
| 003 | OSt | ||
| 005 | 20251112020003.0 | ||
| 008 | 160530b xxu||||| |||| 00| 0 eng d | ||
| 020 | _a9780198570165 | ||
| 040 | _cDNLM | ||
| 082 | _aWB330 A86d 2007 | ||
| 100 |
_aGreenwood, David [et....al] _99116 |
||
| 245 | _aAntimicrobial Chemotherapy | ||
| 250 | _a5th ed. | ||
| 260 | _aOxford Universty Press, 2007 | ||
| 300 | _ax,485p; col.ill: 23.5cm | ||
| 504 | _aReferences, & index included | ||
| 650 |
_aChemotherapy _91629 |
||
| 650 |
_aPharmacy _99117 |
||
| 942 |
_2z _cO_SHELF _03 |
||
| 999 |
_c4230 _d4230 |
||